| 000 | 00789nam a2200253Ia 4500 | ||
|---|---|---|---|
| 003 | OSt | ||
| 005 | 20220928123041.0 | ||
| 006 | a|||||r|||| 00| 0 | ||
| 007 | ta | ||
| 008 | 220927b |||||||| |||| 00| 0 eng d | ||
| 020 | _c3993 | ||
| 024 | _a110141 | ||
| 037 |
_b804, 07/10/2010, Insat Books and Periodicals _cTextual |
||
| 040 |
_aSDCL _cSDCL _beng |
||
| 041 |
_2eng _aeng |
||
| 082 | _aQ6, P9 | ||
| 100 |
_aCole Michael W Ed. _9460086 |
||
| 245 | 0 |
_aIdol in the age of art _b Objects,devotion and the early modern world. |
|
| 260 |
_aU.S.A _bAshgate _c2009 |
||
| 300 |
_axix,353p.with various pigination. _ccm. |
||
| 650 | _aHistory | ||
| 942 |
_hQ6, P9 _cTEXL _2CC |
||
| 999 |
_c773332 _d773332 |
||